人口の少ない市Top100 - Statistics

General Stats
  • This quiz has been taken 3,323 times
  • The average score is 51 of 100
Answer Stats
順位 都道府県 自治体名 人口 % Correct
1 北海道 歌志内市 2,451
91%
2 北海道 夕張市 5,618
91%
8 北海道 芦別市 10,605
73%
4 北海道 赤平市 8,268
71%
6 高知県 室戸市 9,650
71%
5 石川県 珠洲市 8,528
70%
61 広島県 竹原市 21,756
70%
3 北海道 三笠市 6,907
66%
14 鹿児島県 西之表市 14,186
65%
37 石川県 羽咋市 18,854
64%
39 長崎県 松浦市 19,325
64%
7 高知県 土佐清水市 10,388
63%
13 三重県 尾鷲市 14,134
63%
22 北海道 士別市 15,785
62%
53 秋田県 にかほ市 21,181
61%
83 広島県 大竹市 24,652
61%
30 大分県 竹田市 17,696
59%
40 北海道 紋別市 19,463
59%
23 岩手県 陸前高田市 16,418
58%
33 静岡県 下田市 17,924
58%
28 北海道 美唄市 17,668
57%
34 鹿児島県 枕崎市 17,948
57%
10 山形県 尾花沢市 12,796
56%
19 千葉県 勝浦市 15,126
56%
27 北海道 留萌市 17,360
56%
16 宮崎県 串間市 14,781
55%
26 鹿児島県 阿久根市 17,289
55%
45 福井県 勝山市 20,187
55%
17 北海道 砂川市 14,998
54%
18 京都府 宮津市 15,086
54%
20 三重県 鳥羽市 15,129
54%
31 長野県 飯山市 17,700
54%
47 島根県 江津市 20,420
54%
65 長崎県 壱岐市 22,363
54%
84 広島県 安芸高田市 24,755
54%
28 岐阜県 美濃市 17,590
53%
48 岐阜県 飛騨市 20,481
53%
50 熊本県 水俣市 20,806
53%
11 三重県 熊野市 13,988
52%
15 高知県 安芸市 14,625
52%
62 岩手県 八幡平市 22,058
52%
78 佐賀県 嬉野市 24,327
52%
21 宮崎県 えびの市 15,607
51%
36 高知県 須崎市 18,310
51%
44 山口県 美祢市 20,145
51%
49 徳島県 三好市 20,549
51%
58 奈良県 御所市 21,543
51%
81 高知県 香美市 24,423
51%
97 秋田県 鹿角市 25,640
51%
12 大分県 津久見市 14,057
50%
35 石川県 輪島市 18,072
50%
46 山形県 村山市 20,212
50%
51 山梨県 上野原市 20,873
50%
52 和歌山県 御坊市 21,015
50%
54 北海道 根室市 21,201
50%
72 岐阜県 山県市 23,348
50%
63 栃木県 那須烏山市 22,164
49%
68 新潟県 加茂市 22,981
49%
69 岩手県 二戸市 22,999
49%
85 岡山県 新見市 24,900
49%
92 香川県 東かがわ市 25,346
49%
74 大分県 国東市 23,676
48%
77 福岡県 宮若市 24,109
48%
9 鹿児島県 垂水市 12,251
47%
88 奈良県 宇陀市 25,233
47%
41 広島県 江田島市 19,744
46%
42 兵庫県 養父市 19,757
46%
94 宮城県 角田市 25,448
46%
25 高知県 宿毛市 17,239
45%
32 北海道 深川市 17,720
45%
38 北海道 富良野市 19,321
45%
60 秋田県 仙北市 21,666
45%
73 長崎県 西海市 23,482
45%
75 高知県 土佐市 23,839
45%
76 長野県 大町市 23,950
45%
43 山梨県 大月市 20,045
44%
55 大分県 豊後高田市 21,277
44%
66 岩手県 遠野市 22,653
44%
71 岡山県 美作市 23,181
44%
93 鹿児島県 いちき串木野市 25,422
44%
86 茨城県 高萩市 25,028
43%
96 岡山県 高梁市 25,600
43%
24 佐賀県 多久市 16,825
42%
56 鹿児島県 伊佐市 21,397
42%
57 熊本県 上天草市 21,404
42%
90 大分県 杵築市 25,281
42%
99 福井県 あわら市 25,747
42%
79 和歌山県 新宮市 24,342
41%
82 山形県 長井市 24,580
41%
87 茨城県 潮来市 25,141
41%
91 長崎県 対馬市 25,316
41%
59 秋田県 男鹿市 21,600
39%
64 福岡県 豊前市 22,267
39%
89 奈良県 五條市 25,276
39%
67 熊本県 阿蘇市 22,959
38%
70 和歌山県 有田市 23,034
36%
95 徳島県 美馬市 25,519
36%
98 静岡県 伊豆市 25,746
36%
100 福岡県 うきは市 25,966
36%
80 北海道 名寄市 24,398
32%
No matching quizzes found
Score Distribution
Percent of People with Each Score
Percentile by Number Answered
Your Score History
You have not taken this quiz